000 01022cam a22002895a 4500
001 L159799
008 180105s2018 xxk f 001 0 eng d
020 _a9781138285163
035 _a(Sirsi) u159799
041 0 _aeng
050 0 4 _a343.4207869 $2 18
100 1 _aTricker, Ray
245 0 0 _aBuilding regulations in brief
250 _a9th ed.
260 _aLondon
_bRoutledge
_c2018
520 _aProvides an introduction to Building Act 1984 and its associated Building Regulations and a detailed breakdown of each Approved Document. Covers planning permission and meeting the requirements of Building Regulations for both dwellings and buildings other than dwellings. Content current as at November 2017
521 _aAdvanced
590 _aKA
650 2 4 _aBUILDING ACT 1984
650 2 4 _aBUILDING REGULATIONS 2010
650 2 4 _aAPPROVED DOCUMENTS
651 4 _aEngland and Wales
_y1543-
690 _aBuilding regulations
_96224
700 1 _aAlford, Samantha
856 4 8 _u
_z
942 _n0
999 _c116113
_d116113